[Event "Tournoi Skype 028B"]
[Site "Skype"]
[Date "????.??.??"]
[Round "5.7"]
[White "Escabias Perez, Miguel"]
[Black "Milanese, Serge"]
[Result "1-0"]
[WhiteElo "1441"]
[BlackElo "1202"]
[PlyCount "63"]

1. e4 c6 2. d4 d5 3. e5 Bf5 4. Bd3 Bg6 5. Nf3 e6 6. Nc3 Nd7 7. Be3 a6 8. Ne2
Bxd3 9. Qxd3 h6 10. Nd2 c5 11. dxc5 Bxc5 12. Nb3 Rc8 13. Nxc5 Nxc5 14. Bxc5
Rxc5 15. O-O Ne7 16. c3 O-O 17. Nd4 Ng6 18. f4 Qh4 19. Qd2 Qg4 20. Rae1 f6 21.
h3 Qh5 22. Nxe6 Rfc8 23. Nxc5 Rxc5 24. e6 Ne7 25. Qf2 Rc6 26. Qa7 Kh7 27. Qxb7
Qe8 28. Qd7 Rc8 29. Qxe8 Rxe8 30. f5 a5 31. Rd1 Rb8 32. Rf2 1-0

[Event "Tournoi Skype 028B"]
[Site "Skype"]
[Date "????.??.??"]
[Round "5.8"]
[White "Junqueira, Leonardo De Faria"]
[Black "Maalik, Aakash"]
[Result "1-0"]
[WhiteElo "1408"]
[BlackElo "1178"]
[PlyCount "59"]

1. e4 e6 2. d4 d5 3. exd5 exd5 4. Nf3 Bd6 5. Bd3 Nf6 6. O-O O-O 7. Bg5 Re8 8.
Nbd2 Be6 9. c3 c6 10. Qc2 Nbd7 11. Bxh7+ Kh8 12. Bf5 Qc7 13. Rfe1 Bxf5 14. Qxf5
Rxe1+ 15. Rxe1 Qd8 16. Ne5 Qc7 17. Nxf7+ Kg8 18. Ne5 Re8 19. Ndf3 Rf8 20. Qe6+
Kh7 21. Nxd7 Nxd7 22. Qh3+ Kg8 23. Be7 Bxe7 24. Rxe7 Qd6 25. Rxd7 Qg6 26. Kh1
Qb1+ 27. Ng1 Rxf2 28. Rd8+ Kf7 29. Qh5+ Qg6 30. Rd7+ 1-0

[Event "Tournoi Skype 028B"]
[Site "Skype"]
[Date "????.??.??"]
[Round "5.9"]
[White "Castillo, David"]
[Black "Linares Vernet, Ana"]
[Result "1-0"]
[WhiteElo "1381"]
[BlackElo "1175"]
[PlyCount "113"]

1. d4 d5 2. f4 e6 3. Nf3 Nf6 4. h3 Nbd7 5. e3 c5 6. c3 cxd4 7. exd4 a6 8. Be3
Qc7 9. Nbd2 a5 10. Ne5 Bd6 11. Ndf3 Ne4 12. Bd3 Ndf6 13. Nd2 Nxd2 14. Qxd2 O-O
15. Qc2 b6 16. Rf1 Ba6 17. Ng4 Nxg4 18. hxg4 Bxd3 19. Qxd3 Qc4 20. Qc2 Be7 21.
g3 a4 22. a3 Qb3 23. Qe2 Qc4 24. Qf3 b5 25. g5 Qd3 26. Rd1 Qe4 27. Qe2 Rab8 28.
Rf2 Qh1+ 29. Kd2 Qe4 30. Rh2 b4 31. axb4 a3 32. bxa3 Ra8 33. Ra1 g6 34. Rh3 f6
35. Qh2 Rf7 36. a4 fxg5 37. a5 gxf4 38. gxf4 Qf5 39. Rh1 h5 40. Qg2 Rg7 41. Rg3
Bf6 42. Qf3 Qe4 43. Qxe4 dxe4 44. Bf2 e5 45. dxe5 Be7 46. Re3 Rd8+ 47. Kc2 Rf7
48. Rxe4 Rd5 49. Rd4 Rxd4 50. Bxd4 Rxf4 51. a6 Rf8 52. b5 Rc8 53. b6 Bc5 54.
Bxc5 Rxc5 55. a7 Ra5 56. b7 Ra2+ 57. Kd3 1-0

[Event "Tournoi Skype 028B"]
[Site "Skype"]
[Date "????.??.??"]
[Round "5.10"]
[White "Douichi, Mohammed"]
[Black "Duthoit, Bernard"]
[Result "1-0"]
[WhiteElo "1203"]
[BlackElo "1379"]
[PlyCount "53"]

1. d4 e6 2. e4 d5 3. e5 c5 4. Nf3 Nc6 5. Bb5 Bd7 6. O-O Nxe5 7. dxe5 Bxb5 8.
Re1 Ne7 9. a4 Bc6 10. Be3 b6 11. Na3 Bxa4 12. Qd3 Nf5 13. Bg5 Be7 14. Bxe7 Qxe7
15. c3 c4 16. Nxc4 dxc4 17. Qxc4 Bd7 18. Qe4 O-O 19. Qb7 Bb5 20. Qe4 Rad8 21.
Rad1 Rxd1 22. Rxd1 Rd8 23. Rxd8+ Qxd8 24. Nd4 Nxd4 25. cxd4 Bc4 26. h3 Qg5 27.
Qa8+ 1-0

[Event "Tournoi Skype 028B"]
[Site "Skype"]
[Date "????.??.??"]
[Round "5.12"]
[White "Barba Cepeda, Julio Cesar"]
[Black "Figueiredo, Oneide De Souza"]
[Result "0-1"]
[WhiteElo "1087"]
[BlackElo "1372"]
[PlyCount "62"]

1. e4 e5 2. Bc4 Be7 3. Nf3 Nc6 4. c3 h6 5. Qb3 Na5 6. Bxf7+ Kf8 7. Qd5 c6 8.
Qxe5 Kxf7 9. Qf4+ Ke8 10. Ne5 Nf6 11. d4 d6 12. Ng6 Rg8 13. O-O Be6 14. e5 dxe5
15. dxe5 Nd5 16. Qf3 Bf7 17. Nxe7 Nxe7 18. Re1 Bd5 19. Qg3 Qc7 20. Bf4 Rd8 21.
Nd2 Nc4 22. Nxc4 Bxc4 23. e6 Qc8 24. Bc7 Rd3 25. Qf4 Bxe6 26. Rxe6 Qxe6 27. Kf1
Rf8 28. Qg3 Rxg3 29. hxg3 Kd7 30. Re1 Qc4+ 31. Re2 Kxc7 0-1

[Event "Tournoi Skype 028B"]
[Site "Skype"]
[Date "????.??.??"]
[Round "5.13"]
[White "Scata, Laura"]
[Black "Mendoza Lainez, Ricardo Jose"]
[Result "1-0"]
[WhiteElo "1366"]
[BlackElo "1137"]
[PlyCount "51"]

1. d4 d5 2. Bf4 Nc6 3. e3 a6 4. c3 Nf6 5. Bd3 Bg4 6. Nf3 e6 7. Nbd2 Be7 8. Qb3
Rb8 9. h3 Na5 10. Qa4+ Nc6 11. hxg4 O-O 12. Qc2 g6 13. O-O-O b5 14. Ne5 Qe8 15.
Bh6 b4 16. Bxf8 Bxf8 17. Qa4 Rb6 18. g5 bxc3 19. gxf6 cxd2+ 20. Rxd2 Bd6 21. f4
Bb4 22. Rc2 Kf8 23. Rxh7 Ne7 24. Rh8+ Ng8 25. Rxg8+ Kxg8 26. Qxe8+ 1-0

[Event "Tournoi Skype 028B"]
[Site "Skype"]
[Date "????.??.??"]
[Round "5.14"]
[White "Garganese, Paolo"]
[Black "Lopes, Marcia Maria"]
[Result "1-0"]
[WhiteElo "1000"]
[BlackElo "1363"]
[PlyCount "59"]

1. e4 c6 2. d4 d5 3. e5 Bf5 4. Be2 e6 5. Nf3 Ne7 6. Nh4 Nd7 7. g4 Bg6 8. Be3
Nc8 9. g5 Be7 10. Nxg6 hxg6 11. f4 Ncb6 12. Nd2 Qc7 13. c3 c5 14. Qb3 cxd4 15.
Bxd4 O-O 16. h4 Nc5 17. Qc2 Qc6 18. Bd3 Nxd3+ 19. Qxd3 Rac8 20. h5 gxh5 21.
Rxh5 g6 22. Rh6 Kg7 23. O-O-O Rh8 24. Rdh1 Rxh6 25. gxh6+ Kh7 26. Nf3 a5 27.
Ng5+ Bxg5 28. fxg5 Nc4 29. Qf3 Rc7 30. Qf6 1-0

[Event "Tournoi Skype 028B"]
[Site "Skype"]
[Date "????.??.??"]
[Round "5.15"]
[White "Hernandez Lopez, Joaquin"]
[Black "Frances, Carlos Alberto"]
[Result "0-1"]
[WhiteElo "1106"]
[BlackElo "1324"]
[PlyCount "86"]

1. d4 d5 2. Bf4 Bf5 3. Nf3 Nf6 4. e3 e6 5. c3 Bd6 6. Ne5 Nbd7 7. Nd2 c6 8. Qb3
Qc7 9. Ndf3 Ng4 10. h3 Ngxe5 11. Nxe5 Nxe5 12. Bxe5 Bxe5 13. dxe5 O-O 14. f4
Rfd8 15. Be2 b6 16. Bg4 Be4 17. Bf3 c5 18. Bxe4 dxe4 19. Qc2 Rd3 20. Qe2 c4 21.
O-O b5 22. Rfd1 a5 23. g4 Qc5 24. Kf2 b4 25. Rac1 Rad8 26. h4 Rxd1 27. Rxd1 Rd3
28. Rxd3 cxd3 29. Qd2 bxc3 30. Qxc3 Qxc3 31. bxc3 Kf8 32. c4 Ke7 33. f5 Kd7 34.
c5 Kc6 35. h5 Kxc5 36. Ke1 Kc4 37. Kd2 Kb4 38. fxe6 fxe6 39. g5 Ka3 40. Kc3
Kxa2 41. Kc4 d2 42. Kc5 d1=Q 43. Kc6 Kb3 0-1

[Event "Tournoi Skype 028B"]
[Site "Skype"]
[Date "????.??.??"]
[Round "5.16"]
[White "Jimenez, Eduardo"]
[Black "Mhabdi, Mahesh"]
[Result "1-0"]
[WhiteElo "1000"]
[BlackElo "1312"]
[PlyCount "83"]

1. d4 Nf6 2. Bg5 e6 3. Nd2 d5 4. e3 Be7 5. Bxf6 Bxf6 6. Qh5 c6 7. O-O-O Qb6 8.
Bd3 c5 9. Ngf3 cxd4 10. Nxd4 Nc6 11. c3 Nxd4 12. exd4 Bd7 13. Rde1 Qc7 14. Nb3
Qf4+ 15. Kb1 Qxf2 16. Re2 Qh4 17. Qxd5 Bc6 18. Qd6 Be7 19. Qg3 Qxg3 20. hxg3 h6
21. Na5 O-O 22. Nxc6 bxc6 23. Be4 Rac8 24. Bf3 Bf6 25. b4 Rc7 26. a3 Rb8 27.
Kc2 Rb6 28. Kd3 Rd7 29. Kc4 Ra6 30. Kb3 e5 31. dxe5 Be7 32. e6 fxe6 33. Rxe6
Bd6 34. Rd1 c5 35. bxc5 Bxc5 36. Rxa6 Rxd1 37. Bxd1 Kf7 38. g4 Ke8 39. g5 hxg5
40. Rg6 Kf7 41. Rxg5 Kf6 42. Rxc5 1-0

[Event "Tournoi Skype 028B"]
[Site "Skype"]
[Date "????.??.??"]
[Round "5.17"]
[White "Rodriguez, Omar Alexander"]
[Black "Le Bouill, Pierre"]
[Result "1-0"]
[WhiteElo "1000"]
[BlackElo "1252"]
[PlyCount "45"]

1. e4 d5 2. exd5 Qxd5 3. Nc3 Qa5 4. d4 c6 5. Be2 Nf6 6. Nf3 h6 7. h3 e6 8. Bd2
Qc7 9. O-O Bd6 10. Re1 O-O 11. a3 Nbd7 12. Bd3 Re8 13. Ne4 Nxe4 14. Rxe4 Nf6
15. Re1 e5 16. dxe5 Bxe5 17. Nxe5 Rxe5 18. Bc3 Rxe1+ 19. Qxe1 Be6 20. Bxf6 gxf6
21. Qe4 Qe7 22. Qh7+ Kf8 23. Qh8# 1-0

[Event "Tournoi Skype 028B"]
[Site "Skype"]
[Date "????.??.??"]
[Round "5.19"]
[White "Rosenkoetter, David"]
[Black "Quispe, Alberto"]
[Result "1-0"]
[WhiteElo "1216"]
[BlackElo "1000"]
[PlyCount "69"]

1. e4 c5 2. Nf3 Nc6 3. d4 cxd4 4. Nxd4 e5 5. Nb5 a6 6. N5a3 Bc5 7. c3 b5 8. Nc2
h6 9. Bd3 Nf6 10. O-O O-O 11. Be3 Bb6 12. Qf3 d6 13. Qg3 Nh5 14. Qf3 Nf6 15. h3
Ne7 16. Bxb6 Qxb6 17. Qe3 Qc7 18. Nd2 Bb7 19. Rac1 d5 20. Rfd1 Ng6 21. f3 Rad8
22. Nb4 Qe7 23. Nxd5 Nxd5 24. exd5 Bxd5 25. a3 f5 26. c4 f4 27. Qe2 Bf7 28.
cxb5 axb5 29. Bxb5 Nh4 30. a4 Nf5 31. Bc4 Qa7+ 32. Qf2 Qxf2+ 33. Kxf2 Rxd2+ 34.
Rxd2 Bxc4 35. Rxc4 1-0

[Event "Tournoi Skype 028B"]
[Site "Skype"]
[Date "????.??.??"]
[Round "5.20"]
[White "Bucherie, Volcy"]
[Black "Yepez, German"]
[Result "1-0"]
[WhiteElo "1336"]
[BlackElo "1000"]
[PlyCount "99"]

1. d4 d5 2. c4 e6 3. Nf3 Nf6 4. Nc3 b6 5. Qa4+ Qd7 6. Qxd7+ Bxd7 7. Ne5 c6 8.
Nxd7 Nbxd7 9. cxd5 exd5 10. a3 h6 11. b4 Bd6 12. e3 O-O 13. Ba6 Rab8 14. O-O
Ne8 15. e4 Nc7 16. Bd3 Rbe8 17. Re1 Re6 18. Ra2 Rfe8 19. Rae2 b5 20. h3 Nb6 21.
exd5 Rxe2 22. Rxe2 Rxe2 23. Bxe2 Ncxd5 24. Nxd5 Nxd5 25. Bd2 a6 26. Bd3 g6 27.
Bxh6 f5 28. g4 Kh7 29. Bg5 f4 30. Kg2 Ne7 31. h4 Kg7 32. h5 gxh5 33. gxh5 Ng8
34. Kf3 Nh6 35. Bxf4 Bxf4 36. Kxf4 Ng8 37. Be4 Ne7 38. Ke5 Kh6 39. Kd6 Nd5 40.
Kxc6 Ne7+ 41. Kb6 Kxh5 42. Kxa6 Nc8 43. Kxb5 Nd6+ 44. Kc5 Nxe4+ 45. Kd5 Nxf2
46. b5 Nd3 47. b6 Nf4+ 48. Ke4 Ne6 49. b7 Nc5+ 50. dxc5 1-0

[Event "Tournoi Skype 028B"]
[Site "Skype"]
[Date "????.??.??"]
[Round "5.21"]
[White "Delgado, Bryan"]
[Black "Telles, Rigoberto"]
[Result "0-1"]
[WhiteElo "1000"]
[BlackElo "1307"]
[PlyCount "54"]

1. b4 e5 2. c3 d5 3. d4 e4 4. Bf4 c5 5. bxc5 Nc6 6. Nd2 Nf6 7. e3 Be7 8. Be2
O-O 9. f3 Nh5 10. Bg3 f5 11. fxe4 Nxg3 12. hxg3 fxe4 13. Nh3 Bxh3 14. Rxh3 Bg5
15. Nf1 Qf6 16. Kd2 Nxd4 17. cxd4 Qxd4+ 18. Kc2 Qxc5+ 19. Kb3 a5 20. g4 a4+ 21.
Kb2 Bf6+ 22. Kb1 Qb4+ 23. Qb3 axb3 24. axb3 Rxa1+ 25. Kc2 Rc8+ 26. Bc4 dxc4 27.
Nd2 cxb3# 0-1

[Event "Tournoi Skype 028B"]
[Site "Skype"]
[Date "????.??.??"]
[Round "5.22"]
[White "Funez, Lilian"]
[Black "Khatanhar, Mohit"]
[Result "0-1"]
[WhiteElo "1000"]
[BlackElo "1266"]
[PlyCount "38"]

1. e4 e5 2. Nf3 d6 3. d4 exd4 4. Nxd4 Nf6 5. Nc3 Be7 6. Bf4 Bd7 7. e5 dxe5 8.
Bxe5 Nc6 9. Nxc6 Bxc6 10. Qxd8+ Rxd8 11. Bxc7 Rd7 12. Bf4 O-O 13. Ne2 h6 14.
Ng3 Re8 15. Be3 Bc5 16. Nf5 Bxe3 17. fxe3 Ng4 18. Ke2 g6 19. Nd4 Rxd4 0-1

[Event "Tournoi Skype 028B"]
[Site "Skype"]
[Date "????.??.??"]
[Round "5.23"]
[White "Ibanez, Bittor"]
[Black "Rodriguez, Nathalie"]
[Result "0-1"]
[WhiteElo "1000"]
[BlackElo "1266"]
[PlyCount "94"]

1. c4 e5 2. Nc3 Nc6 3. g3 Nf6 4. Bg2 Bc5 5. e4 a6 6. Nd5 Nxd5 7. exd5 Nd4 8.
Ne2 Nxe2 9. Qxe2 d6 10. O-O Bf5 11. Be4 Bxe4 12. Qxe4 O-O 13. a3 f5 14. Qe2 f4
15. b4 Ba7 16. Qe4 Bd4 17. Rb1 b6 18. Bb2 fxg3 19. hxg3 Qf6 20. Bxd4 exd4 21.
d3 Rae8 22. Qg2 Qf5 23. Rbe1 Rxe1 24. Rxe1 Qxd3 25. Qe4 Qxe4 26. Rxe4 d3 27.
Rd4 h6 28. Rxd3 Re8 29. Kf1 Kf7 30. Rf3+ Kg6 31. g4 Re4 32. c5 dxc5 33. bxc5
bxc5 34. Re3 Rxg4 35. Re6+ Kf5 36. Rc6 c4 37. Rxc7 Rd4 38. d6 Ke6 39. Rxg7 Kxd6
40. Rg6+ Kd5 41. Rxa6 c3 42. Rxh6 c2 43. Rh5+ Kc4 44. a4 c1=Q+ 45. Kg2 Rg4+ 46.
Kh3 Qg1 47. a5 Qg2# 0-1

[Event "Tournoi Skype 028B"]
[Site "Skype"]
[Date "????.??.??"]
[Round "5.24"]
[White "Busto, Ricardo"]
[Black "Tembhurnekar, Ritu"]
[Result "1-0"]
[WhiteElo "1210"]
[BlackElo "1198"]
[PlyCount "41"]

1. d4 d5 2. Nf3 Nf6 3. Bf4 Bf5 4. e3 e6 5. Nbd2 Be7 6. h3 O-O 7. Ne5 Nc6 8. a3
h6 9. Ndf3 Nh5 10. Bh2 f6 11. Nxc6 bxc6 12. g4 Bg6 13. gxh5 Bxh5 14. Be2 c5 15.
O-O Bd6 16. Bxd6 Qxd6 17. dxc5 Qxc5 18. b4 Qd6 19. Nd4 Bxe2 20. Qxe2 a6 21. Qf3
1-0

[Event "Tournoi Skype 028B"]
[Site "Skype"]
[Date "????.??.??"]
[Round "5.25"]
[White "Parrales, Rodolfo"]
[Black "Alarcon Alarcon, Marina"]
[Result "1/2-1/2"]
[WhiteElo "1000"]
[BlackElo "1198"]
[PlyCount "89"]

1. e4 e5 2. Nf3 Nc6 3. d4 exd4 4. Nxd4 Bc5 5. Nxc6 Qf6 6. Be3 Qxc6 7. Bc4 Bxe3
8. Qe2 Bxf2+ 9. Qxf2 Qxc4 10. Nd2 Qe6 11. O-O Nf6 12. Nf3 O-O 13. Ng5 Qb6 14.
Qxb6 axb6 15. e5 Ng4 16. Nf3 Ne3 17. Rf2 d6 18. exd6 cxd6 19. Nd4 Nc4 20. b3
Ne5 21. Nb5 Ng4 22. Rd2 Be6 23. Rxd6 Ne3 24. Rxb6 Nxc2 25. Rd1 Rxa2 26. Rxb7
Ra1 27. Rxa1 Nxa1 28. b4 Nb3 29. Nc7 Nd4 30. b5 Bc4 31. b6 Nb5 32. Nxb5 Bxb5
33. Rc7 Ba6 34. Ra7 Bc8 35. b7 Bxb7 36. Rxb7 Re8 37. Kf2 g6 38. g4 Kg7 39. h4
h6 40. Kf3 Kf6 41. Kf4 g5+ 42. hxg5+ hxg5+ 43. Kg3 Re6 44. Rb5 Re5 45. Rb6+
1/2-1/2

[Event "Tournoi Skype 028B"]
[Site "Skype"]
[Date "????.??.??"]
[Round "5.26"]
[White "Abdulrazzaq, Mohsen"]
[Black "Luna Perez Vico, Lorenzo"]
[Result "1-0"]
[WhiteElo "1080"]
[BlackElo "1458"]
[PlyCount "75"]

1. e4 d6 2. d4 g6 3. Nc3 Bg7 4. Be3 Nf6 5. Nf3 Nbd7 6. h3 b6 7. e5 dxe5 8. dxe5
Ng8 9. Bb5 e6 10. Bg5 Ne7 11. Qd2 O-O 12. O-O Qe8 13. Rad1 c6 14. Qd6 Nf5 15.
Qxc6 Rb8 16. Bf6 a6 17. Bxg7 Nxg7 18. Qc7 Rb7 19. Bxd7 Rxc7 20. Bxe8 Rxe8 21.
Ne4 Nh5 22. Nd6 Rf8 23. Rd4 Rxc2 24. g4 Ng7 25. Ng5 Rc7 26. f4 h6 27. Nge4 f5
28. exf6 Ne8 29. f7+ Rfxf7 30. Nxe8 Rc2 31. Rd8 Kf8 32. N8d6+ Ke7 33. Rxc8 Rxc8
34. Nxc8+ Kf8 35. g5 h5 36. Nxb6 Rb7 37. Nf6 Rxb6 38. Nd7+ 1-0

[Event "Tournoi Skype 028B"]
[Site "Skype"]
[Date "????.??.??"]
[Round "5.27"]
[White "Cengiz, Ali Ekber"]
[Black "Vincent, Andre"]
[Result "1/2-1/2"]
[WhiteElo "1098"]
[BlackElo "1377"]
[PlyCount "91"]

1. e4 c6 2. d4 d5 3. e5 Bf5 4. Nf3 e6 5. Nbd2 h6 6. a3 Ne7 7. Nh4 g6 8. Be2 Nd7
9. c4 Qb6 10. c5 Qc7 11. Nf1 g5 12. Nf3 Bg7 13. h3 Be4 14. Ng3 Bg6 15. h4 f6
16. hxg5 fxe5 17. gxh6 Bf6 18. Bg5 Bxg5 19. Nxg5 Nf8 20. Bd3 e4 21. Bc2 Nf5 22.
Nxf5 exf5 23. Qe2 Qf4 24. Qe3 Qxe3+ 25. fxe3 O-O-O 26. O-O-O Re8 27. Rdf1 Nh7
28. Rh4 Nxg5 29. g4 Nf7 30. gxf5 Bh7 31. Bd1 Reg8 32. Bg4 Kc7 33. f6 Kd8 34.
Bh5 Bg6 35. Bg4 Rxh6 36. Rxh6 Nxh6 37. Be6 Bf7 38. Bxf7 Nxf7 39. Rh1 Kd7 40.
Rh7 Rg1+ 41. Kc2 Rg2+ 42. Kc3 Ke6 43. Rg7 Rh2 44. Rg6 Rh3 45. Kd2 Rh5 46. Rg8
1/2-1/2

[Event "Tournoi Skype 028B"]
[Site "Skype"]
[Date "????.??.??"]
[Round "5.28"]
[White "Raudales, Victor"]
[Black "Guillaume, Mickael"]
[Result "1-0"]
[WhiteElo "1340"]
[BlackElo "1106"]
[PlyCount "37"]

1. e4 e5 2. Nf3 Nc6 3. Bb5 Bc5 4. O-O Nge7 5. c3 O-O 6. d4 exd4 7. cxd4 Bb6 8.
d5 Nb4 9. a3 Na6 10. Nc3 f6 11. Bc4 Ng6 12. Qc2 d6 13. Re1 Ne5 14. Nxe5 fxe5
15. Re2 Bg4 16. Rd2 Qf6 17. h3 Be3 18. fxe3 Qf1+ 19. Bxf1 1-0

[Event "Tournoi Skype 028B"]
[Site "Skype"]
[Date "????.??.??"]
[Round "5.29"]
[White "Sanchez Padilla, Armando Edilber"]
[Black "Maccaferri, Massimo"]
[Result "1-0"]
[WhiteElo "1323"]
[BlackElo "1074"]
[PlyCount "35"]

1. e4 e5 2. Nf3 Nc6 3. Bb5 a6 4. Ba4 Nd4 5. O-O b5 6. Bb3 Bb7 7. Bd5 c6 8. Bb3
c5 9. c3 Nxb3 10. axb3 g5 11. Nxe5 Bxe4 12. Re1 Bxb1 13. Nc6+ Be7 14. Nxd8 Rxd8
15. Rxb1 d5 16. d4 cxd4 17. Qxd4 h6 18. Qxh8 1-0

[Event "Tournoi Skype 028B"]
[Site "Skype"]
[Date "????.??.??"]
[Round "5.30"]
[White "Montilla Bejarano, Carmen"]
[Black "Luunge, Abdi"]
[Result "0-1"]
[WhiteElo "1073"]
[BlackElo "1320"]
[PlyCount "78"]

1. d4 Nf6 2. Nc3 d5 3. Bf4 c6 4. h3 e6 5. a3 Nbd7 6. f3 Nh5 7. g3 Nxf4 8. gxf4
Qh4+ 9. Kd2 Qxf4+ 10. e3 Qg5 11. Kc1 Nb6 12. b3 Be7 13. Qd3 e5 14. h4 Qg3 15.
Nce2 Qe1+ 16. Qd1 Qa5 17. Qd2 Qxd2+ 18. Kxd2 Bf6 19. dxe5 Bxe5 20. Rd1 O-O 21.
Kc1 c5 22. f4 Bf6 23. Nf3 a5 24. a4 c4 25. Ned4 cxb3 26. cxb3 Bg4 27. Bh3 Rac8+
28. Kb1 Bxh3 29. Rxh3 Rc3 30. Ne5 h5 31. Ka2 Rd8 32. Rd2 Rc1 33. Nd3 Rg1 34.
Rc2 Rd7 35. Rc1 Rxc1 36. Nxc1 Rc7 37. Rh1 Rc3 38. Nf5 Rc2+ 39. Kb1 Rb2+ 0-1

[Event "Tournoi Skype 028B"]
[Site "Skype"]
[Date "????.??.??"]
[Round "5.31"]
[White "Hargez, Dany"]
[Black "Gerbaux, Regis"]
[Result "0-1"]
[WhiteElo "1296"]
[BlackElo "1073"]
[PlyCount "74"]

1. e4 c6 2. d4 d5 3. Nc3 Nf6 4. Bd3 Bg4 5. Nf3 Nbd7 6. Be3 e5 7. exd5 cxd5 8.
Bg5 Be7 9. O-O Bb4 10. Nxd5 Be7 11. Re1 Nxd5 12. Bxe7 Qxe7 13. Bb5 O-O 14. Bxd7
Bxd7 15. Rxe5 Qd6 16. c4 Nf6 17. c5 Qc7 18. b4 Ng4 19. Rh5 Rfe8 20. Qd3 g6 21.
h4 gxh5 22. Qd2 Bf5 23. Qg5+ Bg6 24. Ne5 Nxe5 25. Re1 Nf3+ 26. gxf3 Rxe1+ 27.
Kg2 Rae8 28. a4 Rd1 29. d5 Ree1 30. d6 Rg1+ 31. Kh3 Qd7+ 32. Kh2 Rh1+ 33. Kg3
Rdg1+ 34. Kf4 Rxg5 35. hxg5 Qf5+ 36. Ke3 Qe5+ 37. Kd2 Qe1# 0-1

[Event "Tournoi Skype 028B"]
[Site "Skype"]
[Date "????.??.??"]
[Round "5.32"]
[White "Dib, Catherine"]
[Black "Yepes Bermudez, Maribel"]
[Result "0-1"]
[WhiteElo "1070"]
[BlackElo "1287"]
[PlyCount "56"]

1. c4 Nf6 2. d4 d5 3. e3 Bg4 4. Nf3 e6 5. a3 c5 6. Be2 Nc6 7. Nc3 Be7 8. O-O
Qc7 9. Qc2 Bxf3 10. Bxf3 cxd4 11. Nb5 Qe5 12. exd4 Nxd4 13. Nxd4 Qxd4 14. Rd1
Qe5 15. Bd2 Rc8 16. Bc3 Qf4 17. b4 Rxc4 18. Rab1 O-O 19. Be2 Rc6 20. b5 Rc7 21.
Bf3 Rfc8 22. Rb3 Bd6 23. Kf1 Qxh2 24. Qb2 Qh1+ 25. Ke2 Qh4 26. Rd4 Qg5 27. Bd2
Qe5+ 28. Be3 Rc2+ 0-1

[Event "Tournoi Skype 028B"]
[Site "Skype"]
[Date "????.??.??"]
[Round "5.33"]
[White "Homme, Jim"]
[Black "Vervoort, Jean-Louis"]
[Result "1/2-1/2"]
[WhiteElo "1066"]
[BlackElo "1273"]
[PlyCount "130"]

1. d4 d5 2. Nf3 Nf6 3. e3 Bg4 4. Nbd2 e6 5. Bd3 Bd6 6. O-O O-O 7. Re1 Nc6 8. e4
dxe4 9. Nxe4 Nxe4 10. Bxe4 Qf6 11. c3 Rad8 12. Qd3 h6 13. Qe2 e5 14. Bxc6 bxc6
15. Qe4 Bxf3 16. Qxf3 Qxf3 17. gxf3 exd4 18. cxd4 c5 19. Be3 cxd4 20. Bxd4 Bf4
21. Bxa7 Rd5 22. Rad1 Rfd8 23. Rxd5 Rxd5 24. b3 Rh5 25. h3 Rxh3 26. Kg2 Rh2+
27. Kf1 Bd2 28. Re8+ Kh7 29. Re7 Ba5 30. Bb8 Rh1+ 31. Kg2 Rc1 32. Rxf7 Kg6 33.
Rd7 Bb6 34. Re7 Rc2 35. a4 Rxf2+ 36. Kg3 Rc2 37. Re4 Bf2+ 38. Kh3 Rc3 39. Re2
Bb6 40. b4 Rxf3+ 41. Kg2 Rb3 42. Rc2 Rxb4 43. Bxc7 Bxc7 44. Rxc7 Rxa4 45. Rc5
Rg4+ 46. Kh3 Re4 47. Rb5 Kh7 48. Rb7 Kg8 49. Rc7 g5 50. Rc8+ Kf7 51. Rc7+ Kg6
52. Rc6+ Kh5 53. Kg3 Re5 54. Rc4 g4 55. Rxg4 Re3+ 56. Kf4 Rh3 57. Rg3 Rxg3 58.
Kxg3 Kg5 59. Kh3 h5 60. Kh2 h4 61. Kh3 Kh5 62. Kh2 Kg4 63. Kh1 Kg3 64. Kg1 h3
65. Kh1 h2 1/2-1/2

[Event "Tournoi Skype 028B"]
[Site "Skype"]
[Date "????.??.??"]
[Round "5.34"]
[White "Battaglia, Gabriele"]
[Black "Clayton, Estelita"]
[Result "0-1"]
[WhiteElo "1245"]
[BlackElo "1072"]
[PlyCount "68"]

1. Nf3 Nc6 2. g3 d5 3. Bg2 d4 4. d3 e5 5. O-O Bd6 6. Nbd2 Nf6 7. Re1 O-O 8. Nc4
Be7 9. Ncxe5 Nxe5 10. Nxe5 Bb4 11. Bd2 Bxd2 12. Qxd2 c6 13. e3 Qb6 14. Rab1 Ne8
15. exd4 Qxd4 16. Re4 Qd8 17. Rh4 Nd6 18. Rh5 h6 19. g4 Qf6 20. Re1 Re8 21. f4
Bxg4 22. Nxg4 Rxe1+ 23. Qxe1 Qxf4 24. Nf2 Re8 25. Qd1 Qe3 26. Kf1 Qf4 27. Rh3
Nf5 28. Qf3 Ne3+ 29. Kg1 Qxf3 30. Rxf3 Nxc2 31. Ne4 Nd4 32. Rf2 Ne6 33. Re2 Nf4
34. Ng3 Nxe2+ 0-1

[Event "Tournoi Skype 028B"]
[Site "Skype"]
[Date "????.??.??"]
[Round "5.36"]
[White "Barrionuevo, Hilario"]
[Black "Chavez, Isidro"]
[Result "0-1"]
[WhiteElo "1058"]
[BlackElo "1227"]
[PlyCount "66"]

1. d4 d5 2. Bf4 e6 3. Nc3 Nc6 4. Nb5 Bd6 5. e3 e5 6. dxe5 Nxe5 7. Nf3 Nxf3+ 8.
gxf3 c6 9. Nxd6+ Ke7 10. c4 Nf6 11. Nf5+ Bxf5 12. e4 dxe4 13. Qe2 Qa5+ 14. Bd2
Qc7 15. fxe4 Bg4 16. Qd3 Rhd8 17. Qe3 Kf8 18. e5 Re8 19. Bb4+ Kg8 20. Bc3 Re6
21. f3 Bh5 22. Bh3 Re7 23. O-O Qb6 24. c5 Nd5 25. Qd4 Qc7 26. e6 f6 27. Rf2 Rd8
28. Rg2 Nf4 29. Qxf6 Nxh3+ 30. Kh1 Rf8 31. Qxg7+ Rxg7 32. Rxg7+ Qxg7 33. Bxg7
Bxf3# 0-1

[Event "Tournoi Skype 028B"]
[Site "Skype"]
[Date "????.??.??"]
[Round "5.37"]
[White "Moumtaz, Abderrahim"]
[Black "Torres, Vicky"]
[Result "1-0"]
[WhiteElo "1226"]
[BlackElo "1055"]
[PlyCount "115"]

1. d4 d5 2. c4 Nf6 3. cxd5 Nxd5 4. e4 Nf6 5. Nc3 e6 6. Bg5 Be7 7. Nf3 O-O 8.
Bd3 Nc6 9. Bb5 Bd7 10. e5 Nd5 11. Bxe7 Ndxe7 12. O-O Nf5 13. Ne4 a6 14. Be2
Nce7 15. b4 Bc6 16. Qd3 Nd5 17. a3 Nf4 18. Qc2 Nxd4 19. Nxd4 Qxd4 20. Bf3 Bb5
21. Rfe1 c6 22. Ng5 Nd3 23. Red1 Qxe5 24. Ne4 Rad8 25. Nc3 Nf4 26. Rxd8 Rxd8
27. a4 Bd3 28. Qd2 Qd4 29. Rd1 e5 30. Qe1 f6 31. Ne2 Qb6 32. Nxf4 exf4 33. Qe6+
Kh8 34. Qe7 Qd4 35. Be2 Qd7 36. Qxd7 Rxd7 37. Rxd3 Rd5 38. Rxd5 cxd5 39. Bf3 d4
40. Be2 b6 41. Bd3 a5 42. bxa5 bxa5 43. f3 g6 44. Kf2 Kg7 45. Ke2 Kf7 46. Be4
Ke7 47. Kd3 h5 48. Kxd4 g5 49. Kc5 g4 50. fxg4 hxg4 51. Bf5 g3 52. hxg3 fxg3
53. Kb5 Kd6 54. Kxa5 Ke5 55. Bh3 Ke4 56. Kb6 f5 57. a5 f4 58. a6 1-0

[Event "Tournoi Skype 028B"]
[Site "Skype"]
[Date "????.??.??"]
[Round "5.38"]
[White "Hernandez, Enrique"]
[Black "Felippe E Silva, Glenda"]
[Result "0-1"]
[WhiteElo "1009"]
[BlackElo "1207"]
[PlyCount "134"]

1. e4 c6 2. d4 d5 3. c3 dxe4 4. Nd2 Bf5 5. Be2 Nf6 6. Nc4 Nbd7 7. f3 exf3 8.
Nxf3 h6 9. O-O e6 10. Ne3 Bh7 11. Ne5 Nxe5 12. dxe5 Qxd1 13. Rxd1 Nd5 14. Nc4
Bc5+ 15. Kh1 O-O 16. Nd6 Bxd6 17. exd6 Rad8 18. c4 Nf6 19. Bf3 Be4 20. Be3 a6
21. Bc5 Bxf3 22. gxf3 Nd7 23. Be3 Ne5 24. c5 Nxf3 25. Rf1 Ne5 26. Rg1 Nc4 27.
Bxh6 g6 28. b3 Ne5 29. Bxf8 Kxf8 30. Raf1 Ke8 31. h4 Kd7 32. a4 Rh8 33. Rg5
Rxh4+ 34. Kg1 f5 35. Kg2 Rh6 36. Rh1 Rxh1 37. Kxh1 Ke8 38. Kg2 Kf7 39. Kf2 Nd3+
40. Ke3 Nxc5 41. Kd4 Nxb3+ 42. Ke5 Nc5 43. Rg3 Nd7+ 44. Kf4 e5+ 45. Kg5 e4 46.
Rb3 b6 47. Rh3 Ne5 48. Rh7+ Ke6 49. Rb7 b5 50. axb5 axb5 51. d7 Nxd7 52. Kxg6
Ne5+ 53. Kg5 Nd7 54. Kf4 Nc5 55. Rb8 Nd3+ 56. Ke3 b4 57. Kd4 c5+ 58. Kc4 Ke5
59. Re8+ Kf4 60. Rh8 Kg3 61. Rg8+ Kf2 62. Kd5 b3 63. Rb8 b2 64. Kc4 f4 65. Kd5
Ke3 66. Kc4 f3 67. Kc3 f2 0-1